Mobile communications (Record no. 192802)

MARC details
000 -LEADER
fixed length control field 00467nam a2200181Ia 4500
005 - DATE AND TIME OF LATEST TRANSACTION
control field 20250421174300.0
008 - FIXED-LENGTH DATA ELEMENTS--GENERAL INFORMATION
fixed length control field 231217s9999 xx 000 0 und d
020 ## - INTERNATIONAL STANDARD BOOK NUMBER
International Standard Book Number 9788131724262
082 ## - DEWEY DECIMAL CLASSIFICATION NUMBER
Classification number 621.38415 SCH;33
100 ## - MAIN ENTRY--PERSONAL NAME
Personal name Schiller, Jochen H.
245 #0 - TITLE STATEMENT
Title Mobile communications
250 ## - EDITION STATEMENT
Edition statement 2nd ed.
260 ## - PUBLICATION, DISTRIBUTION, ETC. (IMPRINT)
Date of publication, distribution, etc. 2009
Name of publisher, distributor, etc. Dorling Kindersley
Place of publication, distribution, etc. Noida
300 ## - PHYSICAL DESCRIPTION
Extent xviii, 492
500 ## - GENERAL NOTE
General note Content pages available.
650 ## - SUBJECT ADDED ENTRY--TOPICAL TERM
Topical term or geographic name as entry element communications
942 ## - ADDED ENTRY ELEMENTS (KOHA)
Koha item type Books
Holdings
Date last seen Total Checkouts Full call number Accession number Old discount Uniform Resource Identifier Cost, replacement price Price effective from Category Lost status Damaged status Department Withdrawn status bill no. bill date Permanent Location Current Location Shelving location Entry date Vendor Cost, normal purchase price Grants Currency symbol Conversion rate Discount Discount type Public note
26/01/2024   621.38415 SCH;33 79036 25 digital/contents/58313.pdf 374.25 26/01/2024 Books     Central Library   SBH/CRB/000675 17/08/2016 Central Library Central Library Central Library 07/07/2011 Sapna Book House 499.00 CS RS 1 124.75 Rupees  
26/01/2024   621.38415 SCH;34 79037 25 digital/contents/58313.pdf 374.25 26/01/2024 Books     Central Library   SBH/CRB/000675 17/08/2016 Central Library Central Library Central Library 07/07/2011 Sapna Book House 499.00 CS RS 1 124.75 Rupees  
26/01/2024   621.38415 SCH;35 79038 25 digital/contents/58313.pdf 374.25 26/01/2024 Books     Central Library   SBH/CRB/000675 17/08/2016 Central Library Central Library Central Library 07/07/2011 Sapna Book House 499.00 CS RS 1 124.75 Rupees  
26/01/2024   621.38415 SCH;36 79039 25 digital/contents/58313.pdf 374.25 26/01/2024 Books     Central Library   SBH/CRB/000675 17/08/2016 Central Library Central Library Central Library 07/07/2011 Sapna Book House 499.00 CS RS 1 124.75 Rupees Missing 2020
26/01/2024   621.38415 SCH;37 79264 25 digital/contents/58313.pdf 374.25 26/01/2024 Books     Central Library   SBH/CRB/000674 23/08/2016 Central Library Central Library Central Library 27/07/2011 Sapna Book House 499.00 IS RS 1 124.75 Rupees  
26/01/2024   621.38415 SCH;38 79265 25 digital/contents/58313.pdf 374.25 26/01/2024 Books     Central Library   SBH/CRB/000674 23/08/2016 Central Library Central Library Central Library 27/07/2011 Sapna Book House 499.00 IS RS 1 124.75 Rupees  
26/01/2024   621.38415 SCH;39 79266 25 digital/contents/58313.pdf 374.25 26/01/2024 Books     Central Library   SBH/CRB/000674 23/08/2016 Central Library Central Library Central Library 27/07/2011 Sapna Book House 499.00 IS RS 1 124.75 Rupees  
26/01/2024   621.38415 SCH;40 79267 25 digital/contents/58313.pdf 374.25 26/01/2024 Books     Central Library   SBH/CRB/000674 23/08/2016 Central Library Central Library Central Library 27/07/2011 Sapna Book House 499.00 IS RS 1 124.75 Rupees  
26/01/2024   621.38415 SCH;41 80012   digital/contents/58313.pdf   26/01/2024 Books     Central Library     14/02/2017 Central Library Central Library Central Library 22/11/2011     DONATED RS 1   Rupees Weeded Out 2016

© For any Suggestions or Query, please contact the library staff @ librarian@pes.edu or Phone: +9180 2672 1983/ 2108.